[Event "DEM U12/U12w 2008"]
[Site "Willingen GER"]
[Date "2008.05.14"]
[Round "6"]
[White "Berger, Nadja"]
[Black "Pfadenhauer, Johannes"]
[Result "1-0"]
[Termination "normal"]
[Board "25"]
[WhiteElo "1380"]
[BlackElo "1654"]
[PlyCount "32"]
[WhiteFideId "24692212"]
[BlackFideId "24615269"]
[EventCountry "GER"]
[EventRounds "11"]
[EventType "swiss"]
[EventDate "2008.05.10"]

1. e4 c5 2. c3 d5 3. d3 dxe4 4. dxe4 Qxd1+ 5. Kxd1 a6 6. Be3 e5 7. a4 b6 8. Kc2
Be6 9. Nd2 Ne7 10. Bc4 Bxc4 11. Nxc4 Nd7 12. Nd6+ Kd8 13. Nxf7+ Ke8 14. Nxh8
Nc6 15. Nh3 Be7 16. Rad1 Bf6 1-0

[Event "DEM U12/U12w 2008"]
[Site "Willingen GER"]
[Date "2008.05.14"]
[Round "6"]
[White "Hansch, Karsten"]
[Black "Neef, Maximilian"]
[Result "0-1"]
[Termination "normal"]
[Board "26"]
[WhiteElo "1370"]
[BlackElo "1580"]
[PlyCount "74"]
[WhiteFideId "24692239"]
[BlackFideId "24692085"]
[EventCountry "GER"]
[EventRounds "11"]
[EventType "swiss"]
[EventDate "2008.05.10"]

1. e4 e6 2. d4 d5 3. Nd2 Nf6 4. Bd3 c5 5. e5 Nfd7 6. c3 Nc6 7. Ne2 f6 8. exf6
Nxf6 9. O-O Bd6 10. Nf3 Qc7 11. Bg5 O-O 12. Bh4 Nh5 13. Qc2 h6 14. Bh7+ Kh8 15.
Bg6 Nf4 16. Nxf4 Bxf4 17. dxc5 e5 18. Bg3 e4 19. Nh4 Ne5 20. Bxf4 Rxf4 21. g3
Rf6 22. Bh5 Qxc5 23. Bd1 Bh3 24. Ng2 Raf8 25. b4 Qc6 26. a3 Nd3 27. Ra2 Bxg2
28. Kxg2 Rxf2+ 29. Rxf2 Rxf2+ 30. Qxf2 Nxf2 31. Rxf2 Qxc3 32. Bg4 g5 33. Be6
Qe5 34. Rf8+ Kg7 35. Rf7+ Kg6 36. Re7 Kf6 37. Re8 Qxe6 0-1

[Event "DEM U12/U12w 2008"]
[Site "Willingen GER"]
[Date "2008.05.14"]
[Round "6"]
[White "Schmalhorst, Sophia"]
[Black "Müller, Nick"]
[Result "0-1"]
[Termination "normal"]
[Board "27"]
[WhiteElo "1317"]
[BlackElo "1571"]
[PlyCount "63"]
[WhiteFideId "24682497"]
[BlackFideId "24692093"]
[EventCountry "GER"]
[EventRounds "11"]
[EventType "swiss"]
[EventDate "2008.05.10"]

1. e4 c5 2. Nf3 Nc6 3. d4 cxd4 4. Nxd4 Nf6 5. Nc3 e5 6. Ndb5 d6 7. Bg5 a6 8.
Na3 b5 9. Bxf6 gxf6 10. Nd5 Bg7 11. g3 f5 12. Bg2 fxe4 13. Bxe4 O-O 14. O-O Ra7
15. c3 Ne7 16. Nc2 Bb7 17. Nce3 Nxd5 18. Nxd5 f5 19. Bg2 Kh8 20. Nb4 e4 21. Qd2
Be5 22. f4 exf3 23. Bxf3 Rg8 24. Bxb7 Rxb7 25. Qg2 Rbg7 26. Rf3 f4 27. Qf2 fxg3
28. hxg3 Rxg3+ 29. Rxg3 Bxg3 30. Qe2 Qf6 31. Kg2 Be5+ 32. Kh3 0-1

[Event "DEM U12/U12w 2008"]
[Site "Willingen GER"]
[Date "2008.05.14"]
[Round "6"]
[White "Weber, Daniel"]
[Black "Schoepe, Tobias"]
[Result "1/2-1/2"]
[Termination "normal"]
[Board "28"]
[WhiteElo "1300"]
[BlackElo "1550"]
[PlyCount "64"]
[WhiteFideId "24615498"]
[BlackFideId "24692107"]
[EventCountry "GER"]
[EventRounds "11"]
[EventType "swiss"]
[EventDate "2008.05.10"]

1. e4 e5 2. f4 d5 3. exd5 e4 4. Nc3 Nf6 5. Bc4 Bc5 6. d3 Bg4 7. Nge2 exd3 8.
Qxd3 O-O 9. Be3 Bxe2 10. Nxe2 Bxe3 11. Qxe3 Nbd7 12. O-O-O Nb6 13. Bb3 Re8 14.
Qf3 Qd6 15. Nc3 a5 16. a3 Nbd7 17. Ba4 Qb6 18. Bxd7 Nxd7 19. Rhe1 Nf6 20. Ne2
Re3 21. Qf1 Rd8 22. Nc3 Rxe1 23. Qxe1 Qc5 24. Rd3 h6 25. Qe3 Qxe3+ 26. Rxe3 Kf8
27. Kd2 Nxd5 28. Nxd5 Rxd5+ 29. Rd3 Rb5 30. b3 Ke7 31. a4 Rf5 32. Rd4 b6
1/2-1/2

[Event "DEM U12/U12w 2008"]
[Site "Willingen GER"]
[Date "2008.05.14"]
[Round "6"]
[White "Müller, Alexandra"]
[Black "Knopf, Felix"]
[Result "1-0"]
[Termination "normal"]
[Board "29"]
[WhiteElo "1532"]
[BlackElo "1412"]
[PlyCount "99"]
[WhiteFideId "24691496"]
[BlackFideId "24692204"]
[EventCountry "GER"]
[EventRounds "11"]
[EventType "swiss"]
[EventDate "2008.05.10"]

1. e4 c5 2. Nf3 d6 3. d4 cxd4 4. Nxd4 Nf6 5. Nc3 a6 6. Be2 b5 7. a3 Bb7 8. f3
e6 9. O-O Be7 10. Be3 Nbd7 11. Nb3 Rc8 12. Qd2 O-O 13. Kh1 Ne5 14. Rad1 Nc4 15.
Bxc4 Rxc4 16. Qf2 Nd7 17. Rd2 Qc7 18. Rfd1 Rc8 19. Bf4 e5 20. Be3 Bf8 21. h3
Ba8 22. Rc1 Rb8 23. Ba7 Rb7 24. Be3 a5 25. Nd5 Qd8 26. c3 Rb8 27. Rcd1 Bxd5 28.
Rxd5 Qc7 29. Nd2 Rc6 30. Nf1 Nf6 31. R5d2 b4 32. axb4 axb4 33. cxb4 Rxb4 34.
Kh2 Rbc4 35. Ng3 Rc2 36. Rxc2 Rxc2 37. Rd2 Rc4 38. Nf5 g6 39. Nh6+ Kh8 40. Qh4
Kg7 41. Nf5+ gxf5 42. Bh6+ Kg8 43. Qg5+ Kh8 44. Qxf6+ Kg8 45. Qg5+ Kh8 46. Bxf8
f6 47. Qxf6+ Kg8 48. Bxd6 Qf7 49. Qd8+ Kg7 50. Bxe5+ 1-0

[Event "DEM U12/U12w 2008"]
[Site "Willingen GER"]
[Date "2008.05.14"]
[Round "6"]
[White "Stanau, Guido"]
[Black "Spiegelberg, Silvia"]
[Result "1/2-1/2"]
[Termination "normal"]
[Board "30"]
[WhiteElo "1333"]
[BlackElo "1455"]
[PlyCount "159"]
[WhiteFideId "24692255"]
[BlackFideId "24654450"]
[EventCountry "GER"]
[EventRounds "11"]
[EventType "swiss"]
[EventDate "2008.05.10"]

1. Nc3 c5 2. e4 Nc6 3. f4 g6 4. Nf3 Bg7 5. Bc4 e6 6. O-O Nge7 7. d3 O-O 8. Qe1
Re8 9. Qh4 d5 10. Bb3 f6 11. g4 Rf8 12. Kh1 a6 13. a4 Nb4 14. Rg1 Qe8 15. g5 f5
16. e5 Rf7 17. Bd2 Qc6 18. Qf2 b6 19. h4 Bb7 20. Raf1 Rd8 21. Na2 Nxa2 22. Bxa2
Qxa4 23. Bb3 Qc6 24. Rg3 c4 25. Nd4 Qc8 26. Ba2 cxd3 27. Rxd3 Nc6 28. Bc3 Rc7
29. Rg1 Nxd4 30. Rxd4 Qd7 31. h5 Qb5 32. Kh2 Qc5 33. Bb3 Ra8 34. Bb4 Qc6 35.
Bd6 Rcc8 36. hxg6 hxg6 37. Be7 Bf8 38. Bf6 Kf7 39. Qh4 Ke8 40. Qh7 Qd7 41.
Qxg6+ Qf7 42. Qxf7+ Kxf7 43. Rd3 a5 44. Rh3 a4 45. Rh7+ Kg6 46. Rxb7 axb3 47.
cxb3 Ra6 48. Kg3 Ra2 49. Rg2 d4 50. Rh2 Ra1 51. Rh8 Rg1+ 52. Kf2 Rd1 53. Rg8+
Kh5 54. Rh7+ Kg4 55. Ke2 Rg1 56. Rgh8 Kxf4 57. Rh4+ Rg4 58. Rxg4+ fxg4 59. g6
Rc2+ 60. Kd3 g3 61. g7 Bxg7 62. Bxg7 g2 63. Rf8+ Kg4 64. Bf6 Rxb2 65. Rg8+ Kf3
66. Bd8 Rxb3+ 67. Kc2 Re3 68. Rg5 d3+ 69. Kd2 b5 70. Bb6 Re4 71. Kxd3 Rg4 72.
Rxg4 Kxg4 73. Kc3 Kf5 74. Bd4 Ke4 75. Bg1 Kxe5 76. Kb4 Kf4 77. Kxb5 e5 78. Kc4
e4 79. Kc3 Kf3 80. Kd2 1/2-1/2

[Event "DEM U12/U12w 2008"]
[Site "Willingen GER"]
[Date "2008.05.14"]
[Round "6"]
[White "Groetzbach, Daniel"]
[Black "Schreiber, Justina"]
[Result "1-0"]
[Termination "normal"]
[Board "31"]
[WhiteElo "1454"]
[BlackElo "1172"]
[PlyCount "83"]
[WhiteFideId "24692166"]
[BlackFideId "24661570"]
[EventCountry "GER"]
[EventRounds "11"]
[EventType "swiss"]
[EventDate "2008.05.10"]

1. e4 e6 2. d4 d5 3. Nc3 Nf6 4. e5 Nfd7 5. Be3 c5 6. Nf3 Qb6 7. a3 c4 8. Rb1
Nc6 9. Be2 Be7 10. O-O O-O 11. Ne1 f6 12. Bg4 f5 13. Bh3 Qd8 14. Kh1 Bg5 15. f4
Bh6 16. Rg1 Qe8 17. g4 g6 18. gxf5 exf5 19. Nxd5 Qf7 20. Nc7 Rb8 21. e6 Qe7 22.
exd7 Qxe3 23. Rg3 Qxf4 24. dxc8=Q Rfxc8 25. Nd5 Qe4+ 26. Bg2 Qe6 27. Nc3 Rd8
28. Ne2 Ne7 29. c3 Nd5 30. Rh3 Bg7 31. Bxd5 Qxd5+ 32. Kg1 Qe4 33. Rg3 Be5 34.
Rg2 Qe3+ 35. Kf1 Qh3 36. Qa4 Bxh2 37. Qxc4+ Kf8 38. Qc5+ Bd6 39. Qc4 Re8 40.
Rd1 Qe3 41. Qd3 Qxd3 42. Rxd3 1-0

[Event "DEM U12/U12w 2008"]
[Site "Willingen GER"]
[Date "2008.05.14"]
[Round "6"]
[White "Greif, Gavin"]
[Black "Helle, Samuel"]
[Result "0-1"]
[Termination "normal"]
[Board "32"]
[WhiteElo "1268"]
[BlackElo "1438"]
[PlyCount "95"]
[WhiteFideId "24662429"]
[BlackFideId "24692182"]
[EventCountry "GER"]
[EventRounds "11"]
[EventType "swiss"]
[EventDate "2008.05.10"]

1. e4 d5 2. exd5 Nf6 3. Nf3 Nxd5 4. d4 Bf5 5. Bd3 Bxd3 6. Qxd3 e6 7. Qb5+ c6 8.
Qxb7 Nb6 9. c4 c5 10. Qe4 cxd4 11. Nxd4 Qc7 12. b3 N8d7 13. Nb5 Qc8 14. Bf4
Bb4+ 15. Nd2 Nf6 16. Qe2 O-O 17. O-O Rd8 18. Ne4 Nxe4 19. Qxe4 a6 20. Nd4 Bc3
21. Rad1 Qd7 22. c5 Nd5 23. Nf3 Qb5 24. Bd6 Bb4 25. Nd4 Qd7 26. Nc2 a5 27. Nxb4
axb4 28. Rd2 Ra6 29. Be5 Rda8 30. Qxb4 Nxb4 31. Rxd7 Rxa2 32. Bc3 Nd5 33. c6
R2a7 34. b4 Rxd7 35. cxd7 Rd8 36. Be5 Rxd7 37. b5 Rb7 38. Rb1 Kf8 39. Kf1 f6
40. Bd6+ Ke8 41. Ke2 Nc3+ 42. Kd3 Nxb1 43. Kc2 Rxb5 44. f3 Kd7 45. Bf8 g6 46.
g4 f5 47. g5 Rb8 48. Bg7 0-1

[Event "DEM U12/U12w 2008"]
[Site "Willingen GER"]
[Date "2008.05.14"]
[Round "6"]
[White "Viereck, Marten"]
[Black "Hellwig, Immo"]
[Result "1-0"]
[Termination "normal"]
[Board "33"]
[WhiteElo "1414"]
[BlackElo "1278"]
[PlyCount "131"]
[WhiteFideId "24692190"]
[EventCountry "GER"]
[EventRounds "11"]
[EventType "swiss"]
[EventDate "2008.05.10"]

1. e4 d5 2. exd5 Qxd5 3. Nc3 Qa5 4. Bc4 Nf6 5. Nge2 Bg4 6. O-O Qh5 7. Qe1 Nc6
8. Ng3 Qc5 9. d3 e6 10. Be3 Qd6 11. Nb5 Qd7 12. Bf4 Bd6 13. Nxd6+ cxd6 14. h3
Bh5 15. Nxh5 Nxh5 16. Bh2 Nd4 17. Qa5 d5 18. Bb3 O-O 19. Qb4 Ne2+ 20. Kh1 a5
21. Qg4 Nhf4 22. Bxf4 Nxf4 23. Qxf4 a4 24. Bxd5 Qxd5 25. Qe4 Qxe4 26. dxe4 Rac8
27. Rfc1 Rc4 28. f3 Rfc8 29. c3 a3 30. Rab1 axb2 31. Rxb2 Rb8 32. Rcb1 Rc7 33.
c4 Kf8 34. Rb4 Ke7 35. c5 Kd7 36. Rb6 Kc8 37. R6b5 Rc6 38. a4 Kc7 39. a5 Ra6
40. Kh2 Ra7 41. Kg3 Rc8 42. Kf4 Rd8 43. Rb6 Rd4 44. g3 Rc4 45. R1b5 Ra4 46. h4
R4xa5 47. Rxb7+ Rxb7 48. Rxa5 Kd7 49. Ra8 Rc7 50. Rh8 h6 51. Rh7 Rxc5 52. Rxg7
Ke7 53. Rh7 h5 54. Rg7 Kf6 55. Rg5 e5+ 56. Ke3 Ra5 57. Rxh5 Ra3+ 58. Kf2 Ra2+
59. Kg1 Ke6 60. Rf5 f6 61. h5 Ra8 62. Kh2 Rh8 63. Kh3 Rh7 64. Kh4 Kf7 65. g4
Kg7 66. g5 1-0

[Event "DEM U12/U12w 2008"]
[Site "Willingen GER"]
[Date "2008.05.14"]
[Round "6"]
[White "Vonhoff, Nils"]
[Black "Stolberg, Daniel"]
[Result "1-0"]
[Termination "normal"]
[Board "34"]
[WhiteElo "1282"]
[BlackElo "1372"]
[PlyCount "77"]
[WhiteFideId "24692301"]
[EventCountry "GER"]
[EventRounds "11"]
[EventType "swiss"]
[EventDate "2008.05.10"]

1. e4 c6 2. d4 d5 3. e5 Bf5 4. Nd2 e6 5. Ne2 h6 6. Ng3 Bh7 7. Nf3 Qb6 8. Bd3
Bxd3 9. Qxd3 c5 10. c3 Nc6 11. O-O c4 12. Qc2 Nge7 13. Be3 Ng6 14. Rab1 Be7 15.
Nh5 O-O 16. Qd2 Rfe8 17. Bxh6 Bf8 18. Bg5 Be7 19. Bxe7 Ncxe7 20. Qg5 Nf5 21. g4
Nh6 22. Nh4 Qd8 23. Nf6+ gxf6 24. Qxh6 fxe5 25. Nxg6 fxg6 26. Qxg6+ Kf8 27.
dxe5 Qd7 28. Qf6+ Kg8 29. f4 Re7 30. Qh4 Rh7 31. Qg3 d4 32. Rbd1 d3 33. b3 cxb3
34. axb3 Rd8 35. Rf3 Qb5 36. Rfxd3 Rxd3 37. Qxd3 Qxb3 38. Qd8+ Kf7 39. Qf6+ 1-0

[Event "DEM U12/U12w 2008"]
[Site "Willingen GER"]
[Date "2008.05.14"]
[Round "6"]
[White "Polert, Annika"]
[Black "Neumann, Florian"]
[Result "1-0"]
[Termination "normal"]
[Board "35"]
[WhiteElo "1196"]
[BlackElo "1350"]
[PlyCount "45"]
[WhiteFideId "24692328"]
[EventCountry "GER"]
[EventRounds "11"]
[EventType "swiss"]
[EventDate "2008.05.10"]

1. e4 c5 2. Nf3 Nc6 3. d4 cxd4 4. Nxd4 g6 5. Be3 Bg7 6. Nc3 Nf6 7. f3 O-O 8.
Qd2 a6 9. O-O-O Qc7 10. h4 b5 11. h5 Nxh5 12. g4 Nf6 13. Bh6 Nxd4 14. Bxg7 Kxg7
15. Qh6+ Kg8 16. Rxd4 Qe5 17. Nd5 Rd8 18. Nxf6+ Qxf6 19. Qxh7+ Kf8 20. Qh8+
Qxh8 21. Rxh8+ Kg7 22. Rxd8 e5 23. R4xd7 1-0

[Event "DEM U12/U12w 2008"]
[Site "Willingen GER"]
[Date "2008.05.14"]
[Round "6"]
[White "Rahimi, Anita"]
[Black "Aslan, Dersim"]
[Result "1/2-1/2"]
[Termination "normal"]
[Board "36"]
[WhiteElo "1172"]
[BlackElo "1319"]
[PlyCount "63"]
[WhiteFideId "24692336"]
[BlackFideId "24692271"]
[EventCountry "GER"]
[EventRounds "11"]
[EventType "swiss"]
[EventDate "2008.05.10"]

1. d4 Nf6 2. Bf4 g6 3. e3 d5 4. h3 Bg7 5. Bd3 b6 6. Nd2 Nc6 7. c3 Bb7 8. Ngf3
O-O 9. O-O Qd7 10. Rc1 Rac8 11. Re1 e6 12. Bb5 Qe7 13. Qa4 Nd8 14. Bd3 Qd7 15.
Qxd7 Nxd7 16. e4 dxe4 17. Nxe4 Nf6 18. Nxf6+ Bxf6 19. Bh6 Bg7 20. Bxg7 Kxg7 21.
Ng5 h6 22. Ne4 Nc6 23. Rcd1 Rcd8 24. f4 f5 25. Nd2 Rf6 26. Bc4 Rd6 27. Nf3 Na5
28. Be2 Bd5 29. b3 Bb7 30. Kf2 a6 31. g3 Rc6 32. c4 1/2-1/2

[Event "DEM U12/U12w 2008"]
[Site "Willingen GER"]
[Date "2008.05.14"]
[Round "6"]
[White "Puffay, Jana"]
[Black "Rahimi, Rozafa"]
[Result "1/2-1/2"]
[Termination "normal"]
[Board "37"]
[WhiteElo "1047"]
[BlackElo "1297"]
[PlyCount "84"]
[WhiteFideId "24692360"]
[BlackFideId "24692280"]
[EventCountry "GER"]
[EventRounds "11"]
[EventType "swiss"]
[EventDate "2008.05.10"]

1. e4 c5 2. d4 cxd4 3. Qxd4 Nc6 4. Qd1 Nf6 5. Nc3 e6 6. Bc4 Bb4 7. Nge2 Nxe4 8.
Bd2 Nf6 9. a3 Ba5 10. O-O d5 11. Bb3 O-O 12. Bg5 h6 13. Bh4 Ne5 14. Nf4 g5 15.
Bg3 gxf4 16. Bxf4 Ng6 17. Bxh6 Re8 18. Bg5 Qe7 19. Re1 Qd8 20. Ba4 Rf8 21. Bh6
Bd7 22. Bxd7 Qxd7 23. Bxf8 Rxf8 24. Qf3 Nh7 25. b4 Bc7 26. Rad1 Qd6 27. g3 Qc6
28. Re2 Rc8 29. Nb1 Bb6 30. h4 Qc7 31. Qg4 Qc4 32. Qxc4 Rxc4 33. h5 Ne7 34. Kg2
Rg4 35. f4 Kh8 36. Rf1 Rg8 37. Kh3 Nf5 38. g4 Nd4 39. Rd2 Nf6 40. Rg2 Rc8 41.
c3 Nc6 42. Kh4 d4 1/2-1/2

[Event "DEM U12/U12w 2008"]
[Site "Willingen GER"]
[Date "2008.05.14"]
[Round "6"]
[White "Boberg, Tobias Marcel"]
[Black "Bajorski, Maria Sophie"]
[Result "1-0"]
[Termination "normal"]
[Board "38"]
[WhiteElo "1283"]
[BlackElo "1211"]
[PlyCount "63"]
[WhiteFideId "24692298"]
[BlackFideId "24654531"]
[EventCountry "GER"]
[EventRounds "11"]
[EventType "swiss"]
[EventDate "2008.05.10"]

1. e4 e5 2. Nf3 Nc6 3. Bc4 Nf6 4. d4 exd4 5. e5 d5 6. Bb5 Ne4 7. Nxd4 Bd7 8.
Nxc6 Bxc6 9. Bxc6+ bxc6 10. Nd2 Nc5 11. a3 Qg5 12. O-O Qg6 13. b4 Ne6 14. Bb2
Rb8 15. Rb1 c5 16. c3 cxb4 17. cxb4 c5 18. Qa4+ Kd8 19. Qxa7 Rc8 20. b5 Rc7 21.
Qa6 Kd7 22. b6 Rc6 23. Qa7+ Ke8 24. b7 Be7 25. b8=Q+ Bd8 26. Qa4 Ng5 27. Qg4 h5
28. Qg3 h4 29. Qg4 h3 30. Qb7 hxg2 31. Qgd7+ Kf8 32. Qxd8# 1-0

[Event "DEM U12/U12w 2008"]
[Site "Willingen GER"]
[Date "2008.05.14"]
[Round "6"]
[White "Böhl, Marius"]
[Black "Diederichs, Luise"]
[Result "1-0"]
[Termination "normal"]
[Board "39"]
[WhiteElo "1471"]
[BlackElo "1177"]
[PlyCount "65"]
[WhiteFideId "24692131"]
[BlackFideId "24661597"]
[EventCountry "GER"]
[EventRounds "11"]
[EventType "swiss"]
[EventDate "2008.05.10"]

1. d4 d5 2. c4 e6 3. Nc3 c6 4. Nf3 Nf6 5. Bg5 Nbd7 6. e3 Qa5 7. Bd3 Bb4 8. Qb3
Ne4 9. Bxe4 dxe4 10. Nd2 Bxc3 11. Qxc3 Qxg5 12. Nxe4 Qxg2 13. Ng3 Qh3 14. O-O-O
Qh4 15. d5 Nb6 16. b3 cxd5 17. Qxg7 Rf8 18. cxd5 Nxd5 19. Rd4 Qf6 20. Qxh7 Qxf2
21. Rd3 Nxe3 22. Rd2 Qf3 23. Qh4 Qc6+ 24. Kb1 Qc7 25. Ne4 Nd5 26. Rxd5 f6 27.
Nd6+ Kd8 28. Nb5+ exd5 29. Nxc7 Kxc7 30. Rc1+ Kd8 31. Qf4 Ke7 32. Qc7+ Ke8 33.
Re1+ 1-0

[Event "DEM U12/U12w 2008"]
[Site "Willingen GER"]
[Date "2008.05.14"]
[Round "6"]
[White "Jermann, Isabel"]
[Black "Pührer, Anne"]
[Result "0-1"]
[Termination "normal"]
[Board "40"]
[WhiteElo "1146"]
[BlackElo "1369"]
[PlyCount "108"]
[BlackFideId "24692247"]
[EventCountry "GER"]
[EventRounds "11"]
[EventType "swiss"]
[EventDate "2008.05.10"]

1. d4 d5 2. Bf4 Nf6 3. e3 c5 4. c3 a6 5. Bd3 Nc6 6. Nd2 b5 7. a3 e6 8. Ngf3 Bb7
9. O-O h6 10. Ne5 Nxe5 11. Bxe5 Bd6 12. Nf3 c4 13. Bc2 O-O 14. h3 Qe7 15. Bb1
a5 16. Qc2 g6 17. Bxd6 Qxd6 18. Ne5 Qe7 19. f4 Ne4 20. Ng4 h5 21. Nf2 b4 22.
Nxe4 dxe4 23. Qa4 Bd5 24. Rc1 b3 25. Bxe4 Bxe4 26. Qxc4 Qb7 27. Qe2 Rfc8 28. c4
Qc6 29. Rc3 a4 30. Rac1 Rc7 31. c5 Qa6 32. Qd2 Qa5 33. Qf2 Rac8 34. Qh4 Qa6 35.
Re1 Kg7 36. Qg3 Qb7 37. Rc4 Qa6 38. Rb4 Rb7 39. Rxb7 Qxb7 40. Rc1 Bc2 41. Rf1
Qe4 42. Re1 Re8 43. Qf2 f6 44. Qd2 Qc6 45. Qa5 e5 46. Qa7+ Kh6 47. Qa5 exf4 48.
exf4 Rxe1+ 49. Qxe1 Qd5 50. Qd2 Kg7 51. Kf1 Be4 52. Qf2 Kf7 53. Qg3 Qxd4 54.
Qe1 Bd3+ 0-1

[Event "DEM U12/U12w 2008"]
[Site "Willingen GER"]
[Date "2008.05.14"]
[Round "6"]
[White "Röhlich, Anna"]
[Black "Duchow, Julien"]
[Result "0-1"]
[Termination "normal"]
[Board "41"]
[WhiteElo "1043"]
[BlackElo "1303"]
[PlyCount "80"]
[EventCountry "GER"]
[EventRounds "11"]
[EventType "swiss"]
[EventDate "2008.05.10"]

1. e4 c5 2. d4 cxd4 3. c3 dxc3 4. Nxc3 Nc6 5. Nf3 d6 6. Bc4 a6 7. O-O Nf6 8.
Bf4 Bg4 9. h3 Bxf3 10. Qxf3 e6 11. Rad1 b5 12. Bb3 Qb8 13. Rd2 Be7 14. Rfd1 b4
15. Ne2 e5 16. Be3 O-O 17. Ng3 g6 18. Bg5 Nd4 19. Rxd4 exd4 20. Bxf6 Bxf6 21.
Qxf6 Qc7 22. Qxd4 Rfd8 23. e5 dxe5 24. Qxb4 Rxd1+ 25. Bxd1 Qc1 26. Qd6 Qxb2 27.
a4 Rc8 28. Ne2 Qb7 29. Qxe5 Qd7 30. Bb3 Re8 31. Qb2 Qe7 32. Bc4 Qd6 33. Qc2 a5
34. Qc3 Qd1+ 35. Kh2 Qxa4 36. Bb3 Qh4 37. g3 Qe4 38. Qc4 Qf5 39. Bc2 Qxf2+ 40.
Kh1 Qf1+ 0-1

[Event "DEM U12/U12w 2008"]
[Site "Willingen GER"]
[Date "2008.05.14"]
[Round "6"]
[White "Bohm, Stephanie"]
[Black "Eichstaedt, Mirko"]
[Result "0-1"]
[Termination "normal"]
[Board "42"]
[WhiteElo "888"]
[BlackElo "1265"]
[PlyCount "72"]
[BlackFideId "24692310"]
[EventCountry "GER"]
[EventRounds "11"]
[EventType "swiss"]
[EventDate "2008.05.10"]

1. c4 e5 2. Nc3 Nc6 3. g3 g6 4. Bg2 Bg7 5. d3 Nf6 6. Bg5 h6 7. Bxf6 Bxf6 8. Nf3
O-O 9. O-O d6 10. Rb1 a5 11. a3 Be6 12. Qd2 Bg7 13. e3 Qd7 14. Nd5 Ne7 15. Nc3
Bh3 16. Rfe1 Bxg2 17. Kxg2 f5 18. Qe2 Nc6 19. Qc2 Kh7 20. e4 f4 21. Nd5 Nd8 22.
b4 axb4 23. axb4 Ne6 24. Rh1 fxg3 25. hxg3 Qf7 26. Nh4 Nd4 27. Qd2 c6 28. Ne3
Bf6 29. Rbf1 Bxh4 30. gxh4 Qf3+ 31. Kg1 Rf4 32. Rh2 Ne2+ 33. Qxe2 Qxe2 34. Ng2
Rg4 35. f3 Rg3 36. Kh1 Qxf1# 0-1

[Event "DEM U12/U12w 2008"]
[Site "Willingen GER"]
[Date "2008.05.14"]
[Round "6"]
[White "Wulf, Constanze"]
[Black "Stolcz, Bianca"]
[Result "0-1"]
[Termination "normal"]
[Board "43"]
[WhiteElo "1047"]
[BlackElo "1594"]
[PlyCount "76"]
[WhiteFideId "24692379"]
[BlackFideId "24654914"]
[EventCountry "GER"]
[EventRounds "11"]
[EventType "swiss"]
[EventDate "2008.05.10"]

1. e4 c5 2. Nf3 Nc6 3. d4 cxd4 4. Nxd4 Nf6 5. Nc3 e6 6. a3 Be7 7. f3 d6 8. Be3
O-O 9. Be2 a6 10. Qd2 Bd7 11. O-O Qc7 12. f4 Rac8 13. Rad1 Rfd8 14. Nb3 b5 15.
Bf3 Qb8 16. Na2 d5 17. exd5 exd5 18. Rc1 Be6 19. Rfd1 d4 20. Bf2 d3 21. cxd3
Bxb3 22. Re1 Bxa2 23. Bxc6 Bd6 24. Be3 Ng4 25. g3 Nxe3 26. Qxe3 Be6 27. Bf3
Rxc1 28. Rxc1 Rc8 29. Kh1 Rxc1+ 30. Qxc1 Qb6 31. Qd2 Qd4 32. Qe2 a5 33. Kg2 b4
34. a4 b3 35. Bc6 Bd5+ 36. Bxd5 Qxd5+ 37. Kg1 Bc5+ 38. Kf1 Qh1# 0-1

[Event "DEM U12/U12w 2008"]
[Site "Willingen GER"]
[Date "2008.05.14"]
[Round "6"]
[White "Ewert, Paul"]
[Black "Hauffen, Franziska"]
[Result "1-0"]
[Termination "time forfeit"]
[Board "44"]
[WhiteElo "1329"]
[BlackElo "1143"]
[PlyCount "70"]
[EventCountry "GER"]
[EventRounds "11"]
[EventType "swiss"]
[EventDate "2008.05.10"]

1. e4 c5 2. Nf3 d6 3. d4 cxd4 4. Nxd4 Nf6 5. Nc3 a6 6. a4 e5 7. Nb3 Be6 8. Be2
Be7 9. O-O Nbd7 10. Kh1 O-O 11. f4 Qc7 12. Qe1 Rac8 13. Qg3 Kh8 14. Be3 Qc6 15.
Bd3 Bxb3 16. cxb3 Qc7 17. Rac1 Qd8 18. Rfd1 Rc6 19. Bb1 Qb8 20. Qh3 Rd8 21. Nd5
Rxc1 22. Rxc1 Nxd5 23. exd5 Nf6 24. fxe5 dxe5 25. Bg5 h6 26. Bxf6 Bxf6 27. Qd3
g6 28. Qf3 Kg7 29. Rf1 Qd6 30. Be4 Qe7 31. Bd3 Rd6 32. Re1 Qd8 33. Bc4 Qe7 34.
Qe4 Qe8 35. Qe3 Qe7 1-0

[Event "DEM U12/U12w 2008"]
[Site "Willingen GER"]
[Date "2008.05.14"]
[Round "6"]
[White "Ludwig, Maria"]
[Black "Kühne, Niklas"]
[Result "0-1"]
[Termination "normal"]
[Board "45"]
[WhiteElo "866"]
[BlackElo "1283"]
[PlyCount "44"]
[WhiteFideId "24655791"]
[BlackFideId "24690015"]
[EventCountry "GER"]
[EventRounds "11"]
[EventType "swiss"]
[EventDate "2008.05.10"]

1. e4 c5 2. Nf3 Nc6 3. Nc3 g6 4. Bc4 Bg7 5. d3 d6 6. Be3 Nf6 7. Qd2 O-O 8.
O-O-O a6 9. Bd5 Bd7 10. Rdg1 e6 11. Bxc6 Bxc6 12. g4 b5 13. h4 b4 14. Ne2 a5
15. Bg5 Qc7 16. h5 a4 17. hxg6 fxg6 18. Bxf6 Bxf6 19. Qh6 Qg7 20. Qf4 Bxb2+ 21.
Kb1 Rxf4 22. Nxf4 Ba1 0-1

[Event "DEM U12/U12w 2008"]
[Site "Willingen GER"]
[Date "2008.05.14"]
[Round "6"]
[White "Priese, Annika"]
[Black "Paliy, Margaryta"]
[Result "1-0"]
[Termination "normal"]
[Board "46"]
[WhiteElo "1256"]
[BlackElo "934"]
[PlyCount "71"]
[WhiteFideId "24673730"]
[BlackFideId "24692417"]
[EventCountry "GER"]
[EventRounds "11"]
[EventType "swiss"]
[EventDate "2008.05.10"]

1. e4 e5 2. Bc4 Nc6 3. Nf3 Nf6 4. d3 Bc5 5. c3 d6 6. O-O Bg4 7. Nbd2 O-O 8. Re1
d5 9. exd5 Nxd5 10. Ne4 Bb6 11. h3 Bf5 12. Bb3 Bxe4 13. dxe4 Nf4 14. Qc2 Ba5
15. Be3 Ne6 16. Rad1 Qf6 17. Qc1 Rad8 18. Ng5 Rxd1 19. Rxd1 Nxg5 20. Bxg5 Qg6
21. Re1 Nd4 22. Bd1 h6 23. Bd2 Ne6 24. Bg4 Qf6 25. Bf5 Ng5 26. Re3 c6 27. Rg3
Bd8 28. h4 Nxe4 29. Bxe4 Kh8 30. h5 Rg8 31. Bc2 g6 32. hxg6 fxg6 33. Bxh6 g5
34. Rh3 Qe6 35. Bf8+ Qh6 36. Rxh6# 1-0